Advances in Electronic Testing : Challenges and Methodologies /

Enregistré dans:
Détails bibliographiques
Autres auteurs: Gizopoulos, Dimitris (Éditeur intellectuel)
Format: Livre
Langue:anglais
Publié: Dordrecht : Springer Verlag, 2006
Sujets:
Tags: Ajouter un tag
Pas de tags, Soyez le premier à ajouter un tag!

MARC

LEADER 00000nam a22000003a 4500
001 stu168539
005 20150617230004.0
008 080903s2006----ne------------------eng-d
020 |a 978-0-387-29408-7 
040 |a STU  |b slo 
041 0 |a eng 
044 |a ne 
080 |a 621.317 
080 |a 621.38 
080 |a 681.518.3/.5 
080 |a 681.32.08 
084 |a A0630  |2 INS 
084 |a B7210  |2 INS 
084 |a C3380  |2 INS 
100 1 |a Gizopoulos, Dimitris  |4 edt 
245 1 |a Advances in Electronic Testing :  |b Challenges and Methodologies /  |c Ed.: Gizopoulos, D. 
260 |a Dordrecht :  |b Springer Verlag,  |c 2006 
300 |a 412 s 
650 7 |a automatizované meracie systémy  |2 stusub 
650 7 |a elektronické meracie systémy  |2 stusub 
996 |b 284EK87441  |c E*87441  |l EE11  |s P  |a 0  |w stu168539_0001